| 000 | 00344nam a2200121Ia 4500 | ||
|---|---|---|---|
| 008 | 231129s1981||||xx |||||||||||||| ||spa|| | ||
| 082 | _aHAJ- 0110 | ||
| 100 | _aHernández de Alba Guillermo Compilador | ||
| 245 | 0 | _aCómo nació la República de Colombia | |
| 260 | _c1981 | ||
| 264 | _aBogotá: Banco de la República 1981 | ||
| 942 |
_2ddc _cBKS |
||
| 999 |
_c7630 _d7630 |
||